[Event "BCF-chT2 1617 (4NCL) Demotion pool"]
[Site "England"]
[Date "2017.05.01"]
[Round "11.78"]
[White "Lopez Cadenas, Nestor"]
[Black "White, Martin"]
[Result "1/2-1/2"]
[WhiteElo "1906"]
[BlackElo "1840"]
[PlyCount "59"]
[EventDate "2016.11.19"]
[EventType "team-tourn"]
[EventRounds "11"]
[EventCountry "ENG"]
[SourceTitle "EXT 2019"]
[Source "ChessBase"]
[SourceDate "2018.10.10"]
[SourceVersion "1"]
[SourceVersionDate "2018.10.10"]
[SourceQuality "1"]
[WhiteTeam "White Rose II"]
[BlackTeam "Downend & Fishponds"]
[WhiteTeamCountry "ENG"]
[BlackTeamCountry "ENG"]

1. Nf3 c5 2. c4 Nc6 3. Nc3 g6 4. g3 Bg7 5. Bg2 e5 6. 0-0 Nge7 7. Ne1 0-0 8. Nc2 d6 9. Ne3 Be6 10. Ned5 f5 11. e3 Bf7 12. d3 Rb8 13. Rb1 a6 14. b4 Nxd5 15. Nxd5 b5 16. cxb5 axb5 17. a4 Nxb4 18. Nxb4 cxb4 19. Rxb4 bxa4 20. Qxa4 Rxb4 21. Qxb4 Qb8 22. Ba3 Qxb4 23. Bxb4 Rb8 24. Bxd6 Rd8 25. Be7 Rxd3 26. Rc1 Be6 27. Bf1 Rd7 28. Bb4 Kf7 29. Bc4 Bxc4 30. Rxc4 1/2-1/2

[Event "BCF-chT2a 1314 (4NCL)"]
[Site "England"]
[Date "2014.01.11"]
[Round "3.28"]
[White "Gordon Brown, Alexander"]
[Black "White, Martin"]
[Result "1-0"]
[WhiteElo "2004"]
[BlackElo "1844"]
[PlyCount "124"]
[EventDate "2013.11.16"]
[EventType "team-swiss"]
[EventRounds "11"]
[EventCountry "ENG"]
[SourceTitle "EXT 2015"]
[Source "ChessBase"]
[SourceDate "2014.11.20"]
[SourceVersion "1"]
[SourceVersionDate "2014.11.20"]
[SourceQuality "1"]
[WhiteTeam "Cambridge II"]
[BlackTeam "Bristol"]
[WhiteTeamCountry "ENG"]
[BlackTeamCountry "ENG"]

1. d4 Nf6 2. c4 e6 3. Nc3 Bb4 4. Nf3 b6 5. Bg5 Bb7 6. e3 0-0 7. Bd3 c5 8. d5 exd5 9. cxd5 Bxd5 10. Bxf6 Qxf6 11. Bxh7+ Kxh7 12. Qxd5 Bxc3+ 13. bxc3 Qxc3+ 14. Ke2 Qb2+ 15. Nd2 Nc6 16. Rab1 Qe5 17. Qd3+ Kg8 18. f4 Qe6 19. Rb2 d5 20. Nf3 d4 21. e4 c4 22. Qb1 Qd6 23. e5 Qc5 24. Re1 Rfd8 25. Rb5 d3+ 26. Kf1 Qa3 27. Nd2 c3 28. Rb3 Qc5 29. Ne4 Qd4 30. Rxc3 Nb4 31. Qb2 Nc2 32. Rxc2 dxc2 33. Qxc2 Rac8 34. Qe2 Qd3 35. Nd6 Qxe2+ 36. Rxe2 Rc1+ 37. Kf2 Rd1 38. Ke3 Kf8 39. Rc2 R8xd6 40. exd6 Rxd6 41. Rc7 a6 42. g4 Rh6 43. Rc2 Ke7 44. g5 Rh3+ 45. Ke4 Kd6 46. Kf5 Ra3 47. h4 Ra5+ 48. Kg4 g6 49. Rf2 Ke7 50. Rb2 b5 51. Re2+ Kf8 52. h5 gxh5+ 53. Kxh5 Ra3 54. f5 Rh3+ 55. Kg4 Rh1 56. Kf4 Rf1+ 57. Ke5 Ke7 58. f6+ Kd7 59. Rd2+ Kc7 60. Rg2 Kd7 61. g6 Re1+ 62. Kf5 Rf1+ 1-0

[Event "BCF-chT3S 1213 (4NCL)"]
[Site "England"]
[Date "2013.02.24"]
[Round "6.158"]
[White "Henbest, Kevin B"]
[Black "White, Martin"]
[Result "0-1"]
[WhiteElo "1729"]
[BlackElo "1828"]
[PlyCount "74"]
[EventDate "2012.11.03"]
[EventType "team-swiss"]
[EventRounds "6"]
[EventCountry "ENG"]
[SourceTitle "EXT 2014"]
[Source "ChessBase"]
[SourceDate "2013.11.20"]
[SourceVersion "1"]
[SourceVersionDate "2013.11.20"]
[SourceQuality "1"]
[WhiteTeam "Oxford III"]
[BlackTeam "Bristol II"]
[WhiteTeamCountry "ENG"]
[BlackTeamCountry "ENG"]

1. e4 c5 2. Nf3 g6 3. d4 cxd4 4. Nxd4 Nc6 5. Be3 Nf6 6. Nc3 Bg7 7. Bc4 0-0 8. f3 Qb6 9. Ncb5 a6 10. Nf5 Qd8 11. Nbd6 exd6 12. Nxg7 Kxg7 13. Qxd6 Qa5+ 14. c3 Qe5 15. Qd2 Re8 16. Bf4 Qc5 17. Bd3 d5 18. 0-0-0 dxe4 19. fxe4 Bg4 20. Rde1 Ne5 21. Bxe5 Rxe5 22. h3 Be6 23. Rhf1 Nd7 24. Bc2 b5 25. Qf4 a5 26. Rd1 Ra7 27. Bb3 Bxb3 28. axb3 Qe7 29. Rd3 Nc5 30. Re3 Nxb3+ 31. Kc2 Nc5 32. Rfe1 a4 33. g4 Qe6 34. Kb1 a3 35. bxa3 Qb3+ 36. Kc1 Qxa3+ 37. Kd1 Qb2 0-1

[Event "BCF-chT3 1112 (4NCL)"]
[Site "England"]
[Date "2012.05.06"]
[Round "10.247"]
[White "White, Martin"]
[Black "Pein, Jonathan"]
[Result "0-1"]
[WhiteElo "1812"]
[BlackElo "1763"]
[PlyCount "46"]
[EventDate "2011.11.12"]
[EventType "team-swiss"]
[EventRounds "11"]
[EventCountry "ENG"]
[SourceTitle "EXT 2013"]
[Source "ChessBase"]
[SourceDate "2012.11.22"]
[SourceVersion "1"]
[SourceVersionDate "2012.11.22"]
[SourceQuality "1"]
[WhiteTeam "Bristol III"]
[BlackTeam "Celtic Tigers II"]
[WhiteTeamCountry "ENG"]
[BlackTeamCountry "ENG"]

1. e4 g6 2. d4 Bg7 3. Nf3 d6 4. Nc3 Nd7 5. Be2 b6 6. 0-0 Bb7 7. Re1 e6 8. Bc4 h6 9. a4 a6 10. d5 e5 11. a5 b5 12. Bd3 Ne7 13. b4 0-0 14. Rb1 f5 15. Bb2 Nf6 16. Nh4 fxe4 17. Bxe4 Nxe4 18. Rxe4 c6 19. dxc6 Bxc6 20. Qg4 Bxe4 21. Qe6+ Kh7 22. Nxe4 Rf4 23. Rd1 Rxe4 0-1

[Event "BCF-chT3 1011 (4NCL)"]
[Site "England"]
[Date "2011.05.01"]
[Round "10.41"]
[White "Boyalakuntla, Venkatasivakumar"]
[Black "White, Martin"]
[Result "0-1"]
[WhiteElo "1450"]
[BlackElo "1798"]
[PlyCount "83"]
[EventDate "2010.11.06"]
[EventType "team-swiss"]
[EventRounds "9"]
[EventCountry "ENG"]
[SourceTitle "EXT 2012"]
[Source "ChessBase"]
[SourceDate "2011.11.24"]
[SourceVersion "1"]
[SourceVersionDate "2011.11.24"]
[SourceQuality "1"]
[WhiteTeam "Metropolitan"]
[BlackTeam "Bristol II"]
[WhiteTeamCountry "ENG"]
[BlackTeamCountry "ENG"]

1. e4 c5 2. Nf3 g6 3. Nc3 Bg7 4. Bc4 Nc6 5. a3 e6 6. Ne2 Nf6 7. d3 d5 8. exd5 exd5 9. Ba2 Bg4 10. Ng3 Qe7+ 11. Ne2 Bxf3 12. gxf3 Nd4 13. Kf1 Nxf3 14. c3 Qd7 15. Nf4 Nh4 16. Qe1+ Kf8 17. Qe3 b6 18. Bd2 Re8 19. Qh3 Nf5 20. b4 g5 21. Re1 Rxe1+ 22. Kxe1 gxf4 23. Bxf4 Ne7 24. Qxd7 Nxd7 25. bxc5 Bxc3+ 26. Kd1 bxc5 27. Kc2 Be5 28. Bh6+ Ke8 29. f4 Bd6 30. Re1 Kd8 31. h4 Rg8 32. Bg5 f6 33. Bh6 Rg6 34. Bg5 fxg5 35. h5 Rf6 36. fxg5 Rf2+ 37. Kb3 c4+ 38. dxc4 dxc4+ 39. Kxc4 Rxa2 40. h6 Rxa3 41. Re6 Kc7 42. g6 0-1

[Event "BCF-chT3 1011 (4NCL)"]
[Site "England"]
[Date "2011.02.19"]
[Round "5.48"]
[White "White, Martin"]
[Black "Heard, Andrew"]
[Result "1/2-1/2"]
[WhiteElo "1798"]
[BlackElo "1946"]
[PlyCount "42"]
[EventDate "2010.11.06"]
[EventType "team-swiss"]
[EventRounds "9"]
[EventCountry "ENG"]
[SourceTitle "EXT 2012"]
[Source "ChessBase"]
[SourceDate "2011.11.24"]
[SourceVersion "1"]
[SourceVersionDate "2011.11.24"]
[SourceQuality "1"]
[WhiteTeam "Bristol III"]
[BlackTeam "SC Stars"]
[WhiteTeamCountry "ENG"]
[BlackTeamCountry "ENG"]

1. e4 d5 2. exd5 Qxd5 3. Nc3 Qa5 4. d4 c6 5. Nf3 Bf5 6. Bc4 e6 7. Bd2 Qc7 8. Qe2 Be7 9. 0-0-0 Nf6 10. Ne5 Nbd7 11. f3 Nxe5 12. dxe5 Nd5 13. g4 Bg6 14. f4 0-0-0 15. Rhf1 Nxc3 16. Bxc3 Rxd1+ 17. Qxd1 Be4 18. Qe2 Bd5 19. Bxd5 cxd5 20. Bd4 Bc5 21. Qf2 Bxd4 1/2-1/2

[Event "BCF-chT3 0910 (4NCL)"]
[Site "England"]
[Date "2010.05.02"]
[Round "10.5"]
[White "Kumar, Shankar"]
[Black "White, Martin"]
[Result "1/2-1/2"]
[WhiteElo "1805"]
[BlackElo "1914"]
[PlyCount "33"]
[EventDate "2009.10.24"]
[EventType "team-tourn"]
[EventRounds "11"]
[EventCountry "ENG"]
[SourceTitle "EXT 2011"]
[Source "ChessBase"]
[SourceDate "2010.11.26"]
[SourceVersion "1"]
[SourceVersionDate "2010.11.26"]
[SourceQuality "1"]
[WhiteTeam "Guernsey Mates"]
[BlackTeam "Bristol II"]
[WhiteTeamCountry "ENG"]
[BlackTeamCountry "ENG"]

1. d4 Nf6 2. c4 e6 3. Nf3 Bb4+ 4. Nbd2 b6 5. a3 Bxd2+ 6. Qxd2 Bb7 7. b4 d6 8. Bb2 0-0 9. e3 a5 10. Be2 axb4 11. axb4 Rxa1+ 12. Bxa1 c5 13. 0-0 Nbd7 14. Rd1 Qb8 15. Qb2 Qc7 16. h3 h6 17. Nh4 1/2-1/2

[Event "BCF-chT3 0809 (4NCL)"]
[Site "Hinckley Island"]
[Date "2009.03.22"]
[Round "8.5"]
[White "Marley, Andrew"]
[Black "White, Martin"]
[Result "1-0"]
[WhiteElo "1805"]
[BlackElo "1980"]
[PlyCount "41"]
[EventDate "2008.10.18"]
[EventType "team-swiss"]
[EventRounds "11"]
[EventCountry "ENG"]
[SourceTitle "EXT 2010"]
[Source "ChessBase"]
[SourceDate "2010.11.25"]
[SourceVersion "1"]
[SourceVersionDate "2010.11.25"]
[SourceQuality "1"]
[WhiteTeam "AMCA Rhinos"]
[BlackTeam "Bristol II"]
[WhiteTeamCountry "ENG"]
[BlackTeamCountry "ENG"]

1. d4 Nf6 2. c4 e6 3. Nf3 Bb4+ 4. Nc3 0-0 5. Bg5 d6 6. e3 Nbd7 7. Bd3 e5 8. 0-0 Re8 9. Nd5 Ba5 10. Bf5 c6 11. Bxd7 Bxd7 12. Nxf6+ gxf6 13. Bh4 Kg7 14. Nd2 Bxd2 15. Qxd2 Qc8 16. e4 d5 17. cxd5 cxd5 18. Rac1 Qd8 19. Rc3 Kh8 20. Qh6 Re6 21. Rg3 1-0